| 000 | 00501nam a22001937a 4500 | ||
|---|---|---|---|
| 003 | MPLRDC | ||
| 005 | 20220104191759.0 | ||
| 008 | 210129b ||||| |||| 00| 0 eng d | ||
| 020 | _a978-986-86523-8-5 | ||
| 082 | _a869.3 HIR | ||
| 100 | _aANDREA HIRATA | ||
| 245 |
_a天虹战队小学 _c王亦穹 译 |
||
| 250 | _a初版 | ||
| 260 |
_a台湾 _b寂寞出版股份有限公司 _c2011 |
||
| 300 | _b平 | ||
| 490 | _aSOUL: 011 | ||
| 650 | _a印尼文学--长篇小说 | ||
| 942 |
_cBK _o869.3 HIR |
||
| 999 |
_c64402 _d64392 |
||